000 00686nam a2200217Ia 4500
001 19662
003 DO-CoUTE
005 20260204212621.0
008 220104s9999 dr 000 0 spa d
020 _a978-958-8815-67-1
040 _aDO-CoUTE
_bspa
_cDO-CoUTE
041 0 _aspa
082 _a628.162 D538a
245 1 0 _aDiagnóstico de aguas:manual de laboratorio / Compiladoras, Margarita María Hincapié Pérez, Gloria Marlene Chaverra Cardona
260 _aBogotá, Colombia : Editorial Universidad de Medellín
300 _a206 páginas
650 4 _aTratamineto de aguas
942 _2ddc
_cBK
999 _c21273
_d21273